| 000 | 00514nam a2200181 a 4500 | ||
|---|---|---|---|
| 005 | 20140310183230.0 | ||
| 008 | 040414s19uu xx 00 eng d | ||
| 020 | _a0471339342 | ||
| 050 |
_aGT 4890 _b.M478 1999 |
||
| 100 | _aMcDonnell, Ian | ||
| 245 |
_aFestival and special event management / _cIan McDonnell |
||
| 260 |
_aAustralia : _bJohn Wiley and Sons, _c1999. |
||
| 300 |
_a300 p. : _bcol. ill. ; _c24 cm. |
||
| 521 | _aTOU | ||
| 650 |
_aFestivals _xMangement. |
||
| 942 |
_cBK _2lcc _kFOR |
||
| 999 |
_c20491 _d20491 |
||